| 000 | 00598nam a2200193Ia 4500 | ||
|---|---|---|---|
| 003 | IN-BaIIA | ||
| 008 | 211028s9999 xx 000 0 eng d | ||
| 020 | _a0-07-045343-8 | ||
| 040 | _cIIA Library | ||
| 080 |
_a031:5 _bMCG-76 |
||
| 245 | 0 |
_aMcGraw-Hill Yearbook of Science and Technology 1976 _cedited by Daniel N. Lapedes |
|
| 260 |
_aNew York _bMcGraw-Hill _c1976 |
||
| 300 | _a437p. | ||
| 650 | _aNASA Thesaurus | ||
| 650 |
_aYearbooks-Science _99566 |
||
| 650 |
_aYearbooks-Technology _99567 |
||
| 700 |
_aLapedes, Daniel N., ed. _99568 |
||
| 942 | _cBK | ||
| 999 |
_c5509 _d5509 |
||